|
|
|
|
| LEADER |
00000nam a2200000 i 4500 |
| 001 |
1/62168 |
| 008 |
980615s1995 eng d |
| 020 |
|
|
|a 0273607731
|
| 035 |
|
|
|l 10029024
|
| 040 |
|
|
|a GR-MY-UA
|b gre
|e aacr
|
| 041 |
0 |
|
|a eng
|
| 082 |
0 |
|
|a 658
|
| 100 |
1 |
|
|a Hannagan, Tim.
|
| 245 |
1 |
0 |
|a Management :
|b concepts and practices /
|c Tim Hannagan
|
| 260 |
|
|
|a London :
|b Pitman,
|c 1995
|
| 300 |
|
|
|a xiii, 656 p.
|
| 504 |
|
|
|a Includes index
|
| 650 |
0 |
0 |
|a Management.
|
| 852 |
|
|
|a INST
|b CHIOS
|e 19980615
|h 658 HAN
|p 005200016136
|q 005200016136
|t BK
|y 0
|
| 901 |
|
|
|a BIBL-1998-2
|
| 909 |
|
|
|a Χ
|b 057374
|
| 922 |
|
|
|a 2ΕΛΗ
|b 199805
|c ΤΔΕ
|d ΠΑΠΑΣΩΤΗΡΙΟΥ
|